Citations de films cultes - Statistiques

Statistiques générales
  • Ce quiz a été pris 561 fois
  • Le résultat moyen est 3 sur 15
Statistiques - réponses
Hint Réponse % Correct
"Je ne suis pas en danger, Skyler. Je suis le danger." Breaking bad
60%
"Tu vois, le monde se divise en deux catégories, ceux qui ont un pistolet chargé et ceux qui creusent. Toi tu creuse. " Le bon la brute et le truand
57%
"Je ne m'attendais à rien, mais je suis quand même déçu." Malcolm
42%
"Si on peut plus péter sous les étoiles sans faire tomber un martien. Il va nous en arriver des pleines brouettes." La soupe aux choux
37%
"Mais tu sais c’que t’es toi ? T’es le roi des cons au pays des emmerdeurs. Un… Un petit con casse-couille qui chiale sa race toute la journée ! Connard ! Connard ! Petit enculé de merde !" Nos jours heureux
36%
"Mais moi les dingues, j'les soigne, j'm'en vais lui faire une ordonnance, et une sévère, j’vais lui montrer qui c’est Raoul. Aux quatre coins d'Paris qu'on va l’retrouver, éparpillé par petits bouts façon puzzle... Moi, quand on m’en fait trop j'correctionne plus, j'dynamite, j'disperse, et j'ventile." Les tontons flingueurs
24%
"Je ne mange pas de graines !!" Kaamelott
21%
"S'il vous plait, « sac à merde », c'est une insulte ?" Les trois frères
19%
"Voilà ! Vois en moi l’image d’un humble Vétéran de VaudeVille. Distribué Vicieusement dans les rôles de Victime et de Vilain par les Vicissitude de la Vie.Ce Visage, plus qu'un Vil Vernis de Vanité est un Vestige de la Vox populi aujourd'hui Vacante, éVanouie." V pour Vendetta
16%
"- Attends moi. Je serai là le temps de dire "tarte aux myrtilles". - Tarte aux myrtilles ! - Peut-être pas si vite..." Pulp Fiction
11%
"C'est un asile de fous, pas un asile de cons. Il faudrait construire des asiles de cons, mais vous imaginez la taille des bâtiments ?" Tais-toi
9%
"Choisir la vie, choisir un boulot, choisir une carrière, choisir une famille, choisir une putain de télé à la con, choisir des machines à laver, des bagnoles, des platines laser, des ouvres boites électroniques." Trainspotting
5%
"Le bonheur n'est réel que lorsqu'il est partagé." Into the wild
4%
"- Tu m'éclaires. Ce type de roucoulements, c'est prénuptial ou post-coïtal ? - Et ta connerie ? Elle est congénitale ?" Le fabuleux destin d'Amélie Poulain
4%
"- Il faut mettre un timbre si tu veux que le courrier parte. - Il est hors de question que je lèche le cul de la république." Les démons de Jésus
0%
Aucun quiz correspondant
Distribution des résultats
% des personnes avec chaque résultat
Percentile par nombre de réponses
Votre historique - résultats
Vous n’avez pas pris ce quiz